| 000 | 01166cam a2200313 a 4500 | ||
|---|---|---|---|
| 001 | 12131644 | ||
| 005 | 20240812134223.0 | ||
| 008 | 000804s2000 mouabk b 001 0 eng d | ||
| 010 | _a 00699155 | ||
| 015 | _aGB99-V4488 | ||
| 020 | _a9781556644221 | ||
| 035 | _a(OCoLC)ocm43974412 | ||
| 040 |
_aNLM _cNLM _dIDP _dUKM _dKSW _dDLC |
||
| 042 | _alccopycat | ||
| 043 | _an-us--- | ||
| 050 | 0 | 0 |
_aKF2910.D3 _bD38 2000 |
| 082 | 0 | 0 |
_a344.73 _221 _bDAV |
| 100 | 1 |
_aDavison, Judith A. _923248 |
|
| 245 | 1 | 0 |
_aLegal and ethical considerations for dental hygienists and assistants / _cJudith A. Davison. |
| 260 |
_aSt. Louis : _bMosby, _cc2000. |
||
| 300 |
_axxii, 378 p. : _bill., forms ; _c24 cm. |
||
| 504 | _aIncludes bibliographical references and index. | ||
| 650 | 0 |
_aDental hygienists _xLegal status, laws, etc. _zUnited States. _923249 |
|
| 650 | 0 |
_aDental assistants _xLegal status, laws, etc. _zUnited States. _923250 |
|
| 650 | 0 |
_aDental ethics. _923251 |
|
| 906 |
_a7 _bcbc _ccopycat _d2 _encip _f20 _gy-gencatlg |
||
| 942 |
_2ddc _cBK |
||
| 999 |
_c12247 _d12247 |
||